Principles of managment: (Record no. 158202)

MARC details
000 -LEADER
fixed length control field 00619nam a22002057a 4500
005 - DATE AND TIME OF LATEST TRANSACTION
control field 20181025161954.0
010 ## - LCCN (DPL NO)
LC control number ENG-124341
020 ## - INTERNATIONAL STANDARD BOOK NUMBER
International Standard Book Number 9789353065393
Terms of availability 499.00
035 ## - SYSTEM CONTROL NUMBER
System control number EN-107873
037 ## - SOURCE OF ACQUISITION
Source of stock number/acquisition DBAD/PUB
082 ## - DEWEY DECIMAL CLASSIFICATION NUMBER
Classification number 658
100 ## - MAIN ENTRY--PERSONAL NAME
Personal name Durai, Pravin
245 ## - TITLE STATEMENT
Title Principles of managment:
Statement of responsibility, etc by Pravin Durai
Remainder of title text and cases /
250 ## - EDITION STATEMENT
Edition statement 2nd ed.
260 ## - PUBLICATION, DISTRIBUTION, ETC. (IMPRINT)
Place of publication, distribution, etc Noida
Name of publisher, distributor, etc Pearson
Date of publication, distribution, etc 2019
270 ## - ADDRESS
Address 15th Floor, Tower B, Worls Trade Tower, Plot No.1, Block -C
City Noida (UP)
Postal code 201301
300 ## - PHYSICAL DESCRIPTION
Extent ix, 527p.
Dimensions 25cm.(pbk)
Other physical details ill.
500 ## - GENERAL NOTE
General note It includes index
942 ## - ADDED ENTRY ELEMENTS (KOHA)
Source of classification or shelving scheme Dewey Decimal Classification
Item type English Books
Classification part 658
Call number suffix DUR
Holdings
Withdrawn status Lost status Not for loan Collection code Home library Current library Date acquired Source of acquisition Cost, normal purchase price Full call number Barcode Copy number Cost, replacement price Koha item type
    Not For Loan Non-fiction D.B.Act.Division Bawana 20/10/2018 DBAD/PUB 499.00 658 DUR EN-107873 1 499.00 English Books

© Delhi Public Library
Hit Counter
free hit counter